• 首页
  • 本馆介绍
  • 公告通知
  • 最新文献
  • 馆藏检索
  • 电子资源
  • 读者导购
  • 参考咨询
  • 我的图书馆
  • 登录
  • 详细信息显示
  • 放入我的书架
  • 预约/预借图书
  • 作者相关作品
  • 分类相关作品
  • 丛书相关作品
  • 出版社相关作品

书目信息

  • 表格格式
  • 工作单格式
  • 卡片格式
题名:
漕运史话
    
 
作者: 江太新 , 苏金玉 著
分册:  
出版信息: 北京   中国大百科全书出版社  2000
页数: 179页
开本: 19cm
丛书名: 中华文明史话
单 册:
中图分类: F552.9 , Z1
科图分类:
主题词: 漕运--交通运输史--中国--古代 , 交通运输史--漕运--中国--古代 , 丛书
电子资源:
ISBN: 7-5000-6255-9
000 00940oam2 2200289 450
001 1558172605
005 20151110142348.69
010    @a7-5000-6255-9@dCNY10.00
100    @a20001010d2000 em y0chiy0110 ea
101 0  @achi
102    @aCN@b110000
105    @ay z 000yy
200 1  @a漕运史话@9cao yun shi hua@f江太新, 苏金玉著
210    @a北京@c中国大百科全书出版社@d2000
215    @a179页@d19cm
225 2  @a中华文明史话
330    @a本书共分五部分,分别阐述了中国古代漕运的产生和发展;农业地区的历史变迁和历代王朝对农业发展地区的建设;漕粮运道的开通及维护;中国古代漕粮的运输;漕运与中国社会经济。
461  0 @12001 @a中华文明史话
606 0  @a漕运@x交通运输史@y中国@z古代
606 0  @a交通运输史@x漕运@y中国@z古代
606 0  @a丛书
690    @aF552.9@v5
690    @aZ1@v4
701  0 @a江太新@9jiang tai xin@4著
701  0 @a苏金玉@9su jin yu@4著
801  0 @aCN@bTSSF@c20150126
905    @aZUCC@dZ1@eJY27:81
    
    漕运史话/江太新, 苏金玉著.-北京:中国大百科全书出版社,2000
    179页;19cm.-(中华文明史话)
    
    
    ISBN 7-5000-6255-9:CNY10.00
    本书共分五部分,分别阐述了中国古代漕运的产生和发展;农业地区的历史变迁和历代王朝对农业发展地区的建设;漕粮运道的开通及维护;中国古代漕粮的运输;漕运与中国社会经济。
●
相关链接 在E读中查询图书 在五车中查询图书 在当当中查询图书 在豆瓣中查询图书


正题名:漕运史话     索取号:Z1/JY27:81         预约/预借

序号 登录号 条形码 馆藏地/架位号 状态 备注
1 7838005   278380057   学院路分馆/ [索取号:Z1/JY27:81] 在馆    
2 7838006   278380066   学院路分馆/ [索取号:Z1/JY27:81] 在馆    
3 7838007   278380075   学院路分馆/ [索取号:Z1/JY27:81] 在馆    
4 7838008   278380084   学院路分馆/ [索取号:Z1/JY27:81] 在馆    
唐山师范学院图书馆 欢迎您!
大连网信软件有限公司© 版权所有